000 01739nam a22002417a 4500
999 _c1645
_d1645
005 20230117101456.0
008 230117b ||||| |||| 00| 0 eng d
020 _a9781510421271
040 _cKH8
082 _a330 HOA
100 _aHoang, Paul
_eauthor
245 _a Cambridge IGCSE and O Level economics/
_cPaul Hoang
250 _a2nd ed.
260 _aLondon :
_bHodder Education,
_c2018.
300 _avii, 309 pages :
_bcolor illustrations ;
_c28 cm.
440 _aCambridge Assessment International Education
500 _aPrevious edition: 2013 Includes index
520 _a"This title is endorsed by Cambridge Assessment International Education to support the full syllabus for examination from 2020. Discover Economics as a real-world subject through case studies from around the world and provide in-depth coverage of the latest Cambridge IGCSE and O Level Economics syllabuses (0455/2281). Trust an experienced author team to navigate the syllabuses confidently with clearly-defined learning objectives throughout. Deepen understanding by applying knowledge to real-life global case studies. Extend learning beyond the classroom by reflecting on skills learned and applying them to local and global environments. Check understanding with engaging activities that thoroughly integrate deep learning skills. Benefit from language support with an accessible text and definitions of technical terms throughout. Consolidate learning with chapter reviews and examination-style questions, as well as useful links to extra activities and answers to the questions online."--Publisher description
650 _aEconomics Examinations
650 _aStudy guides
700 _aDucie, Margaret
_eauthor
942 _2ddc
_cTR